Lehrveranstaltungen im Studium : Herleitung und empirische Pruefung eines Modells zur individuellen Planung des Besuches von Lehrveranstaltungen

Αποθηκεύτηκε σε:
Λεπτομέρειες βιβλιογραφικής εγγραφής
Κύριος συγγραφέας: Krause, Gabriele
Μορφή: Βιβλίο
Γλώσσα:German
Δημοσίευση: Munster : New York : Waxmann, 1995
Σειρά:Internationale Hochschulschriften ; ; 185
Θέματα:
Ετικέτες: Προσθήκη ετικέτας
Δεν υπάρχουν, Καταχωρήστε ετικέτα πρώτοι!

MARC

LEADER 00000nam a2200000 i 4500
001 1/12208
008 000919s1995 ger d
020 |a 3-89325-371-8 
035 |l 10064120 
040 |a GR-MY-UA  |b gre  |e aacr 
041 0 |a ger 
082 0 |a 371.30281 
100 1 |a Krause, Gabriele. 
245 1 0 |a Lehrveranstaltungen im Studium :  |b Herleitung und empirische Pruefung eines Modells zur individuellen Planung des Besuches von Lehrveranstaltungen /  |c Gabriele Krause 
260 |a Munster :   |a New York :   |b Waxmann,   |c 1995 
300 |a 210 p.;  |c 21 cm 
490 1 |a Internationale Hochschulschriften  |x 185 
500 |a "Zugl. : Braunschweig, Univ., Diss., 1995" 
650 0 0 |a Study skills. 
830 0 |a Internationale Hochschulschriften ;  |v ; 185 
852 |a INST  |b RHODES  |e 20000919  |h 371.30281 KRA  |p 005400012960  |q 005400012960  |t BK  |y 0 
901 |a BIBL4-2000-3 
909 |a Ρ  |b 070651 
922 |a 4ΕΛΗ  |b 199911  |c ΚΠΣ/154  |d GLORY BOOKS 
970 |z 2000/09/ΑΔΑΜ